Pakistan Immigration by Country - Statistics

General Stats
  • This quiz has been taken 115 times
  • The average score is 9 of 15
Answer Stats
Number of Foreigners Country of Origin % Correct
2,000,000+ India
97%
3,500,000+ Afghanistan
91%
27,000+ UK
88%
2,000,000+ Bangladesh
87%
12,000+ USA
87%
22,000+ China
85%
4,000+ France
74%
4,000+ Germany
70%
17,000+ Uzbekistan
62%
12,000+ Tajikistan
60%
500,000+ Myanmar
48%
11,000+ Nigeria
32%
7,000+ Kenya
26%
35,000+ Tanzania
23%
15,000+ Uganda
19%
No matching quizzes found
Score Distribution
Percent of People with Each Score
Percentile by Number Answered
Your Score History
You have not taken this quiz